000 00568nam a2200169Ia 4500
003 GCL
008 140319s9999 xx 000 0 ara d
040 _aGCL /
_cGCL
082 0 4 _a347.9
_bاا
100 1 _aاسامة عثمان
245 1 0 _aاحكام التصرف فى املاك الدولة العامة والخاصة فى ضوء القضاء والفقة /
_cاسامة عثمان
260 _a[S.N] :
_bمنشاة المعارف الاسلامية ،
_c1987
300 _a279 ص
490 _a
650 0 4 _aالقانون المدنى
942 _2ddc
_cBK
999 _c50380
_d50380